[Event "European Youth Chess Championship B12"]
[Site "Prague, Top Hotel Prague"]
[Date "2016.08.19"]
[Round "2.19"]
[White "Czopor, Maciej"]
[Black "Bonciu, David"]
[Result "1/2-1/2"]
[WhiteElo "2025"]
[BlackElo "1820"]
[PlyCount "144"]
[EventDate "2016.08.18"]

1. e4 c5 2. Nf3 Nc6 3. d4 cxd4 4. Nxd4 g6 5. c4 Bg7 6. Be3 Nf6 7. Nc3 O-O 8.
Be2 d6 9. O-O Bd7 10. Rc1 Nxd4 11. Bxd4 Bc6 12. f3 a5 13. b3 Nd7 14. Be3 Nc5
15. Qc2 e6 16. Rfd1 Qe7 17. Bf1 f5 18. exf5 Rxf5 19. Qd2 Be5 20. f4 Bxc3 21.
Qxc3 Ne4 22. Qc2 d5 23. Bd3 Re8 24. g3 Rf7 25. Rf1 Qb4 26. Bxe4 dxe4 27. Qf2
Rd7 28. Rc2 Qf8 29. Bd4 Qf5 30. Qe3 Red8 31. Rd2 Qh3 32. Rfd1 Qg4 33. a3 Rxd4
34. Rxd4 Qxd1+ 35. Rxd1 Rxd1+ 36. Kf2 Rd3 37. Qb6 Rd2+ 38. Ke3 Rxh2 39. Qxa5
Rg2 40. Qg5 Rb2 41. Qd8+ Kf7 42. Qd1 Rg2 43. Qe1 Rb2 44. Qc3 Rg2 45. Kd4 Rf2
46. b4 Rf3 47. Qe1 b6 48. b5 Bb7 49. a4 Kf6 50. Qe2 Rd3+ 51. Qxd3 exd3 52. Kxd3
Ke7 53. a5 bxa5 54. c5 Kd7 55. Kc3 h6 56. Kb3 g5 57. fxg5 hxg5 58. Ka4 Be4 59.
Kxa5 Kc7 60. Kb4 Bd3 61. b6+ Kb7 62. Kc3 Be4 63. Kd4 Bd5 64. Ke5 g4 65. Kd6 Bf3
66. Kxe6 Kc6 67. Kf5 Kxc5 68. b7 Bxb7 69. Kxg4 Bc8+ 70. Kh5 Kd5 71. Kg6 Ke5 72.
g4 Bxg4 1/2-1/2

[Event "European Youth Chess Championship B12"]
[Site "Prague, Top Hotel Prague"]
[Date "2016.08.19"]
[Round "2.20"]
[White "Stoian, Cristian-Georgian"]
[Black "Kacharava, Nikolozi"]
[Result "0-1"]
[WhiteElo "1826"]
[BlackElo "2024"]
[PlyCount "48"]
[EventDate "2016.08.18"]

1. e4 c5 2. Nf3 d6 3. d4 cxd4 4. Nxd4 Nf6 5. Nc3 Nc6 6. Bg5 e6 7. Qd2 a6 8.
O-O-O Bd7 9. f3 Be7 10. Bxf6 Bxf6 11. Nxc6 Bxc6 12. Kb1 Qb6 13. Bc4 O-O 14.
Rhe1 Rfc8 15. Qe3 Qc7 16. Bb3 b5 17. f4 a5 18. e5 dxe5 19. fxe5 Be7 20. a4 bxa4
21. Nxa4 Rab8 22. Rd4 Bb4 23. c3 Ba3 24. Ka2 Qb7 0-1

[Event "European Youth Chess Championship B12"]
[Site "Prague, Top Hotel Prague"]
[Date "2016.08.19"]
[Round "2.21"]
[White "Mochalin, Faddey"]
[Black "Stoyanov, Georgi"]
[Result "1-0"]
[WhiteElo "2020"]
[BlackElo "1810"]
[PlyCount "80"]
[EventDate "2016.08.18"]

1. e4 c6 2. d4 d5 3. Nc3 dxe4 4. Nxe4 Bf5 5. Ng3 Bg6 6. h4 h6 7. Nf3 Nd7 8. h5
Bh7 9. Bd3 Bxd3 10. Qxd3 e6 11. Bf4 Qa5+ 12. Bd2 Qb6 13. O-O-O Ngf6 14. Kb1 Be7
15. Ne5 Nxe5 16. dxe5 Rd8 17. Qf3 Nd5 18. Ne4 c5 19. Qg3 Bf8 20. c4 Nb4 21.
Bxb4 cxb4 22. c5 Qc7 23. Nd6+ Bxd6 24. cxd6 Qc6 25. Qxg7 Qe4+ 26. Ka1 Qh7 27.
Qf6 Rd7 28. Rc1 O-O 29. g4 Qg7 30. Qxg7+ Kxg7 31. Rhd1 Rfd8 32. b3 f6 33. f4
Kf7 34. Rc7 Rxc7 35. dxc7 Rxd1+ 36. Kb2 Rd2+ 37. Kb1 fxe5 38. fxe5 Rd1+ 39. Kc2
Rd5 40. c8=Q Rxe5 1-0

[Event "European Youth Chess Championship B12"]
[Site "Prague, Top Hotel Prague"]
[Date "2016.08.19"]
[Round "2.22"]
[White "Hommel, Niclas"]
[Black "Petkov, Momchil"]
[Result "0-1"]
[WhiteElo "1816"]
[BlackElo "1997"]
[PlyCount "114"]
[EventDate "2016.08.18"]

1. e4 c5 2. Nf3 Nc6 3. d4 cxd4 4. Nxd4 g6 5. Nc3 Bg7 6. Be3 Nf6 7. Nxc6 bxc6 8.
e5 Ng8 9. f4 d5 10. exd6 exd6 11. Qd2 Ne7 12. Bd4 O-O 13. Bxg7 Kxg7 14. O-O-O
d5 15. Qd4+ Kg8 16. h3 Nf5 17. Qd3 Qc7 18. Qf3 d4 19. Ne4 Qb6 20. Nd2 Be6 21.
Bc4 Ne3 22. Bxe6 Nxd1 23. Bxf7+ Rxf7 24. Rxd1 Kh8 25. g3 c5 26. Nc4 Qe6 27. Qb3
Qd5 28. Re1 Kg7 29. h4 Rf6 30. Qd3 Re6 31. Rxe6 Qxe6 32. b3 Qe1+ 33. Kb2 Kh6
34. Ne5 Kg7 35. Nc4 Qe6 36. Ne5 Rb8 37. Nc4 Rb4 38. Ne5 Rb8 39. Nc4 Qe8 40. Ka1
Qe1+ 41. Kb2 Re8 42. Ne5 Qb4 43. a3 Qb6 44. Qc4 Re7 45. Qd3 a5 46. Qc4 Ra7 47.
a4 Qb4 48. Qxb4 axb4 49. Kc1 Kf6 50. Kd2 Ke6 51. Ke2 Kd5 52. Kd3 Re7 53. Ng4
Re1 54. Nf6+ Ke6 55. Nxh7 Re3+ 56. Kd2 Rxg3 57. Ng5+ Kf5 0-1

[Event "European Youth Chess Championship B12"]
[Site "Prague, Top Hotel Prague"]
[Date "2016.08.19"]
[Round "2.23"]
[White "Budisavljevic, Luka"]
[Black "Biletskiy, Danylo"]
[Result "0-1"]
[WhiteElo "1993"]
[BlackElo "1796"]
[PlyCount "106"]
[EventDate "2016.08.18"]

1. d4 Nf6 2. Nf3 g6 3. c4 c5 4. Nc3 Bg7 5. e4 O-O 6. Be2 cxd4 7. Nxd4 d6 8. O-O
Nc6 9. Be3 Nxd4 10. Bxd4 Be6 11. Rc1 Qa5 12. Qd2 Nxe4 13. Qe3 Nxc3 14. Rxc3
Bxd4 15. Qxd4 Qc5 16. Qh4 Rfe8 17. Bf3 Qb4 18. Rb1 Rac8 19. a3 Rxc4 20. Rxc4
Qxc4 21. Qxc4 Bxc4 22. Bxb7 Rb8 23. Be4 d5 24. Bf3 Ba2 25. Rc1 Rxb2 26. Rc8+
Kg7 27. h4 Rb1+ 28. Kh2 e5 29. Rc7 e4 30. Bg4 d4 31. Rd7 d3 32. Rxa7 Bb3 33. h5
Kf8 34. Kg3 f5 35. Bh3 Rb2 36. Rxh7 d2 37. Rd7 d1=Q 38. Rxd1 Bxd1 39. hxg6 Bg4
40. Bxg4 fxg4 41. Kf4 Rxf2+ 42. Kxe4 Rxg2 43. Kf4 Kg7 44. a4 Kxg6 45. a5 Kh5
46. a6 Ra2 47. a7 Rxa7 48. Kg3 Kg5 49. Kg2 Kf4 50. Kf2 Ra8 51. Kg1 Kf3 52. Kh1
Kg3 53. Kg1 Ra1# 0-1

[Event "European Youth Chess Championship B12"]
[Site "Prague, Top Hotel Prague"]
[Date "2016.08.19"]
[Round "2.24"]
[White "Neumann, Filip"]
[Black "Tanriverdi, Enes"]
[Result "0-1"]
[WhiteElo "1812"]
[BlackElo "1991"]
[PlyCount "42"]
[EventDate "2016.08.18"]

1. e4 c5 2. Nf3 e6 3. d4 cxd4 4. Nxd4 Nc6 5. Be3 Nf6 6. Bd3 d5 7. exd5 Nxd5 8.
Nxc6 bxc6 9. Qf3 Bd6 10. Nc3 Rb8 11. Bd4 e5 12. Qe2 O-O 13. Bxa7 Rxb2 14. Ne4
Qa5+ 15. Kf1 Qxa7 16. Nxd6 Nf4 17. Qxe5 Nxd3 18. Qg3 Rxc2 19. Ne4 Qd4 20. Re1
Nxe1 21. Ng5 Nd3 0-1

[Event "European Youth Chess Championship B12"]
[Site "Prague, Top Hotel Prague"]
[Date "2016.08.19"]
[Round "2.25"]
[White "Dudin, Gleb"]
[Black "Mica, Marek"]
[Result "1-0"]
[WhiteElo "1965"]
[BlackElo "1795"]
[PlyCount "118"]
[EventDate "2016.08.18"]

1. Nf3 Nf6 2. c4 d5 3. cxd5 Nxd5 4. g3 Nc6 5. Bg2 e5 6. O-O Be6 7. Nc3 Nb6 8.
d4 exd4 9. Nb5 Bc5 10. Qc2 Bc4 11. Bf4 Bxb5 12. Qxc5 Qd5 13. Qc2 d3 14. exd3
Bxd3 15. Rfe1+ Kf8 16. Qc3 Qb5 17. a4 Qc4 18. Qa3+ Kg8 19. Nd2 Qd4 20. Nf3 Qc4
21. Rac1 Qa6 22. Rcd1 Bc2 23. Qe3 h6 24. Ra1 Nd5 25. Qd2 Nxf4 26. Qxf4 Qb6 27.
a5 Qxb2 28. Qxc7 Be4 29. a6 b6 30. Nd4 Bxg2 31. Nxc6 Bxc6 32. Qxc6 Kh7 33. Qe4+
g6 34. Qb7 Qg7 35. Rad1 Rhb8 36. Qc7 Rf8 37. Rd7 Kg8 38. Ree7 g5 39. h3 h5 40.
Kg2 g4 41. hxg4 hxg4 42. Qf4 Qg6 43. Rd5 f6 44. Rdd7 Rad8 45. Rxa7 Rfe8 46. Qc7
Rxe7 47. Qxe7 Re8 48. Qb7 f5 49. Ra8 f4 50. Rxe8+ Qxe8 51. a7 f3+ 52. Kh2 Qh5+
53. Kg1 Qe8 54. a8=Q Qxa8 55. Qxa8+ Kf7 56. Qe4 Kf6 57. Qxg4 Ke5 58. Qxf3 Kd6
59. g4 b5 1-0

[Event "European Youth Chess Championship B12"]
[Site "Prague, Top Hotel Prague"]
[Date "2016.08.19"]
[Round "2.26"]
[White "Nguyen, Lucas"]
[Black "Stukan, Martin"]
[Result "0-1"]
[WhiteElo "1806"]
[BlackElo "1962"]
[PlyCount "74"]
[EventDate "2016.08.18"]

1. e4 e5 2. d4 exd4 3. c3 dxc3 4. Nxc3 Nc6 5. Bc4 d6 6. Nf3 Nf6 7. Bg5 Be7 8.
O-O Bg4 9. Qb3 Bxf3 10. Bxf6 Bxf6 11. Bxf7+ Kf8 12. gxf3 Nd4 13. Qc4 Nxf3+ 14.
Kh1 Ne5 15. Qb5 Nxf7 16. Qxb7 Bxc3 17. bxc3 Qc8 18. Qc6 Rb8 19. Rab1 Ke7 20. f4
Qd7 21. Qa6 Rb6 22. Qxa7 Rhb8 23. Rxb6 Rxb6 24. Qa3 Qc6 25. Re1 Rb1 26. Rxb1
Qxe4+ 27. Kg1 Qxb1+ 28. Kf2 Qc2+ 29. Kg1 Qd1+ 30. Kg2 Qe2+ 31. Kg3 Qe3+ 32. Kg2
Qxf4 33. Qa7 Kd7 34. Qb7 Qd2+ 35. Kg1 Qe1+ 36. Kg2 Qe2+ 37. Kg1 Ne5 0-1

[Event "European Youth Chess Championship B12"]
[Site "Prague, Top Hotel Prague"]
[Date "2016.08.19"]
[Round "2.27"]
[White "Bacrot, Alexandre"]
[Black "Hakobyan, Eduard"]
[Result "0-1"]
[WhiteElo "1961"]
[BlackElo "1776"]
[PlyCount "86"]
[EventDate "2016.08.18"]

1. e4 c5 2. Nf3 e6 3. d3 d5 4. Nbd2 Nc6 5. g3 Nf6 6. Bg2 Be7 7. O-O O-O 8. c3
Qc7 9. Re1 b6 10. e5 Nd7 11. Qe2 h6 12. Nf1 b5 13. h4 a5 14. N1h2 Ba6 15. Bf4
Rfe8 16. h5 b4 17. Ng4 Bf8 18. Qd2 Kh7 19. Rac1 bxc3 20. bxc3 Rab8 21. Ne3 Nb6
22. g4 f6 23. d4 fxe5 24. Nxe5 Nxe5 25. dxe5 Qf7 26. Bg3 c4 27. Nc2 Na4 28. Nd4
Rb2 29. Rc2 Reb8 30. Bh3 Bc8 31. f4 g6 32. hxg6+ Qxg6 33. Rec1 Qd3 34. Qf2 Bc5
35. f5 Nxc3 36. Rxc3 Bxd4 37. Rxd3 Bxf2+ 38. Bxf2 cxd3 39. Be3 d2 40. Rc7+ Kg8
41. Bxd2 Rxd2 42. f6 Rb1+ 43. Bf1 Ba6 0-1

[Event "European Youth Chess Championship B12"]
[Site "Prague, Top Hotel Prague"]
[Date "2016.08.19"]
[Round "2.28"]
[White "Vantuch, Lucian"]
[Black "Minko, Dmitry"]
[Result "1-0"]
[WhiteElo "1796"]
[BlackElo "1960"]
[PlyCount "58"]
[EventDate "2016.08.18"]

1. e4 e5 2. Nf3 Nc6 3. d4 exd4 4. Bc4 Nf6 5. O-O Nxe4 6. Re1 d5 7. Bxd5 Qxd5 8.
Nc3 Qa5 9. Nxe4 Be6 10. Bd2 Qf5 11. Bg5 h6 12. Bh4 g5 13. Nxd4 Qg6 14. Nb5 Rd8
15. Nxc7+ Ke7 16. Qf3 gxh4 17. Rad1 Rd7 18. Nf6 Rd4 19. Ncd5+ Kd8 20. Rxd4 Nxd4
21. Qf4 Qxc2 22. Qxd4 Qc5 23. Qa4 Bd6 24. b4 Qd4 25. g3 hxg3 26. hxg3 Bxg3 27.
Qc2 Bxd5 28. Nxd5 Qxd5 29. Rd1 Ke7 1-0

[Event "European Youth Chess Championship B12"]
[Site "Prague, Top Hotel Prague"]
[Date "2016.08.19"]
[Round "2.29"]
[White "Sosovicka, Jakub"]
[Black "Vojta, Jakub"]
[Result "0-1"]
[WhiteElo "1959"]
[BlackElo "1771"]
[PlyCount "38"]
[EventDate "2016.08.18"]

1. e4 c5 2. Nf3 d6 3. d4 cxd4 4. Nxd4 Nf6 5. Nc3 a6 6. f4 Qc7 7. Bd3 b5 8. a3
Bb7 9. O-O Nbd7 10. Qe1 g6 11. Qg3 Bg7 12. Nf3 O-O 13. Bd2 Nc5 14. Rae1 Rac8
15. e5 Nh5 16. Qg5 dxe5 17. Nxe5 f6 18. Qh4 fxe5 19. f5 Nxd3 0-1

[Event "European Youth Chess Championship B12"]
[Site "Prague, Top Hotel Prague"]
[Date "2016.08.19"]
[Round "2.30"]
[White "Antonica, Dragos-Andrei"]
[Black "Husa, Daniel"]
[Result "1-0"]
[WhiteElo "1946"]
[BlackElo "1488"]
[PlyCount "63"]
[EventDate "2016.08.18"]

1. Nf3 d5 2. d4 Bf5 3. e3 Nf6 4. b3 e6 5. Bb2 Be7 6. c4 c6 7. Bd3 Bg6 8. O-O
O-O 9. Qc2 Nbd7 10. Nbd2 Rc8 11. c5 Qc7 12. b4 a6 13. a4 b5 14. axb5 axb5 15.
Bxg6 hxg6 16. Ra3 Ra8 17. Rfa1 Rxa3 18. Rxa3 Qb7 19. Nb3 Ra8 20. Na5 Qc8 21.
Nd2 Bd8 22. Qb3 Nb8 23. Bc3 Nbd7 24. f3 Ra6 25. Ra1 Qa8 26. Nf1 Qb8 27. Be1 Bc7
28. h3 Bd8 29. g4 Bc7 30. Kg2 e5 31. Bg3 e4 32. Bxc7 1-0

[Event "European Youth Chess Championship B12"]
[Site "Prague, Top Hotel Prague"]
[Date "2016.08.19"]
[Round "2.31"]
[White "Larkin, Vladislav"]
[Black "Sunde, Nicholas"]
[Result "1-0"]
[WhiteElo "1932"]
[BlackElo "1375"]
[PlyCount "107"]
[EventDate "2016.08.18"]

1. c4 e5 2. Nc3 Nf6 3. g3 Bc5 4. Bg2 O-O 5. d3 d6 6. Nf3 Bg4 7. O-O Nbd7 8. Rb1
a5 9. a3 c6 10. h3 Bh5 11. Ng5 Ba7 12. Nge4 Nxe4 13. Nxe4 Nc5 14. Nxc5 Bxc5 15.
b4 axb4 16. axb4 Bd4 17. b5 Qc7 18. g4 Bg6 19. Qb3 Rfb8 20. Bb2 Bc5 21. Bc1 f5
22. Be3 Bxe3 23. fxe3 fxg4 24. hxg4 Qd7 25. bxc6 bxc6 26. Qxb8+ Rxb8 27. Rxb8+
Be8 28. Ra1 Kf7 29. Raa8 Qxg4 30. Rxe8 Qxe2 31. Rf8+ Kg6 32. Be4+ Kh6 33. Rf2
Qxe3 34. Raa2 Qg3+ 35. Kh1 Qe3 36. Rh2+ Kg5 37. Raf2 g6 38. Kg2 h5 39. Rh3 Qc1
40. Rg3+ Kh4 41. Rxg6 Qe3 42. Rf3 Qe2+ 43. Kh1 d5 44. Rg2 dxe4 45. Rxe2 exf3
46. Rxe5 Kg4 47. Kh2 h4 48. Re4+ Kg5 49. c5 Kh5 50. Rf4 Kg5 51. Rxf3 Kg4 52.
Rf6 h3 53. Rxc6 Kh4 54. Rh6+ 1-0

[Event "European Youth Chess Championship B12"]
[Site "Prague, Top Hotel Prague"]
[Date "2016.08.19"]
[Round "2.32"]
[White "Kevlishvili, Nika"]
[Black "Coca, Cristi-Iulian"]
[Result "0-1"]
[WhiteElo "1788"]
[BlackElo "1929"]
[PlyCount "72"]
[EventDate "2016.08.18"]

1. b4 d5 2. Bb2 Bf5 3. Nf3 e6 4. e3 Nf6 5. b5 Nbd7 6. Be2 Bd6 7. O-O O-O 8. Nh4
Bg6 9. Nxg6 hxg6 10. d3 c5 11. c4 Qc7 12. g3 dxc4 13. dxc4 Rad8 14. Nd2 Be5 15.
Qc2 Bxb2 16. Qxb2 Ne5 17. Rfd1 b6 18. Nf3 Neg4 19. Ne1 Nh6 20. Nd3 Nd7 21. Bf3
Nf5 22. Qc3 Ne7 23. a4 f6 24. Nf4 Kf7 25. Bg2 Ne5 26. h4 Nf5 27. Bh3 Rfe8 28.
Rxd8 Rxd8 29. h5 g5 30. Nxe6 Kxe6 31. e4 g4 32. exf5+ Kxf5 33. Bg2 Rd4 34. Rc1
Rxc4 35. Qd2 Rd4 36. Qc2+ Rd3 0-1

[Event "European Youth Chess Championship B12"]
[Site "Prague, Top Hotel Prague"]
[Date "2016.08.19"]
[Round "2.33"]
[White "Stremavicius, Pijus"]
[Black "Dobrikov, Marco"]
[Result "1/2-1/2"]
[WhiteElo "1771"]
[BlackElo "1911"]
[PlyCount "93"]
[EventDate "2016.08.18"]

1. d4 Nf6 2. Nf3 e6 3. Bf4 b6 4. e3 Bb7 5. h3 d6 6. Bd3 Nbd7 7. O-O g6 8. Nbd2
Bg7 9. Qe2 Qe7 10. Ba6 Bxa6 11. Qxa6 O-O 12. c3 e5 13. dxe5 dxe5 14. Bg5 Qe6
15. Qe2 Nc5 16. e4 h6 17. Bxf6 Bxf6 18. b3 a5 19. Rfd1 Qc6 20. Rac1 Rfd8 21.
Nh2 Nd3 22. Rb1 Qxc3 23. Ndf3 Nf4 24. Qb5 Rxd1+ 25. Rxd1 h5 26. g3 Nxh3+ 27.
Kg2 Ng5 28. Nxg5 Bxg5 29. Nf3 Bf6 30. Rd7 Rf8 31. Qd5 Kg7 32. Qb7 Qc2 33. Rd2
Qc5 34. Rd7 Bd8 35. Rd5 Qc2 36. Rd2 Qb1 37. Qc6 Bf6 38. Re2 Rd8 39. Qxc7 Rd1
40. Nxe5 Bxe5 41. Qxe5+ Kh7 42. Qe7 Kg7 43. Qe5+ Kh7 44. Qe7 Rg1+ 45. Kf3 Qd3+
46. Kf4 Qxe2 47. Qxf7+ 1/2-1/2

[Event "European Youth Chess Championship B12"]
[Site "Prague, Top Hotel Prague"]
[Date "2016.08.19"]
[Round "2.35"]
[White "Poltorak, Sebastian"]
[Black "Gucaga, Augustas"]
[Result "1-0"]
[WhiteElo "1763"]
[BlackElo "1902"]
[PlyCount "67"]
[EventDate "2016.08.18"]

1. d4 Nf6 2. c4 g6 3. Nc3 Bg7 4. e4 d6 5. f3 O-O 6. Nge2 Nbd7 7. Qd3 c6 8. g4
a6 9. h4 h5 10. Ng3 Qa5 11. Be2 e5 12. d5 cxd5 13. cxd5 Nc5 14. gxh5 Nxh5 15.
Nxh5 gxh5 16. Rg1 Kh7 17. a3 Qd8 18. b4 Nd7 19. Bg5 f6 20. Be3 a5 21. b5 Nc5
22. Qc2 f5 23. Bg5 Bf6 24. exf5 Rg8 25. O-O-O Bxg5+ 26. hxg5 Rxg5 27. Ne4 Rxg1
28. Rxg1 Bxf5 29. Qd1 Bxe4 30. fxe4 Rc8 31. Bxh5 Nd3+ 32. Kd2 Nf4 33. Qg4 Rc7
34. Rh1 1-0

[Event "European Youth Chess Championship B12"]
[Site "Prague, Top Hotel Prague"]
[Date "2016.08.19"]
[Round "2.36"]
[White "Spyropoulos, Nikolaos"]
[Black "Barak, David"]
[Result "1-0"]
[WhiteElo "2045"]
[BlackElo "1627"]
[PlyCount "72"]
[EventDate "2016.08.18"]

1. e4 c6 2. d4 d5 3. e5 Bf5 4. h4 h5 5. Bd3 Bxd3 6. Qxd3 e6 7. Bg5 Be7 8. Nf3
Nd7 9. Nbd2 Nb6 10. O-O Bxg5 11. Nxg5 Ne7 12. g3 Nf5 13. Rfe1 O-O 14. Nf1 g6
15. Ne3 Ng7 16. b3 Nc8 17. c4 Ne7 18. c5 Nef5 19. Kg2 Nh6 20. b4 a6 21. a4 Ra7
22. f3 Ngf5 23. Kh3 Nxe3 24. Qxe3 Nf5 25. Qd2 Ng7 26. g4 a5 27. b5 cxb5 28.
axb5 b6 29. Kg2 Ra8 30. Rac1 Qb8 31. Nh3 Kh7 32. Qd3 Qd8 33. Nf4 Kh8 34. Kg3
Rg8 35. cxb6 Qxb6 36. Qe3 Rac8 {n.r.} 1-0

[Event "European Youth Chess Championship B12"]
[Site "Prague, Top Hotel Prague"]
[Date "2016.08.19"]
[Round "2.37"]
[White "Sarginalp, Tuna"]
[Black "Bochnicka, Vladimir"]
[Result "1-0"]
[WhiteElo "1646"]
[BlackElo "1953"]
[PlyCount "63"]
[EventDate "2016.08.18"]

1. e4 c5 2. Nf3 d6 3. d4 cxd4 4. Nxd4 Nf6 5. Nc3 a6 6. Be2 e5 7. Nb3 Be7 8. O-O
O-O 9. Be3 Be6 10. f4 exf4 11. Bxf4 Nc6 12. Kh1 Ne5 13. Nd4 Bc4 14. Nf5 Qc7 15.
Nxe7+ Qxe7 16. Bxe5 Qxe5 17. Bxc4 Nxe4 18. Nxe4 Qxe4 19. Qd3 Qe5 20. c3 Rac8
21. Rae1 Qc5 22. Bd5 b5 23. Re7 Rc7 24. Bxf7+ Kh8 25. Rxc7 Qxc7 26. Bd5 Rxf1+
27. Qxf1 Qe7 28. Bb7 a5 29. Ba6 b4 30. Qe2 Qf7 31. Bc4 Qf8 32. Bb5 1-0

[Event "European Youth Chess Championship B12"]
[Site "Prague, Top Hotel Prague"]
[Date "2016.08.19"]
[Round "2.38"]
[White "Mach, Petr"]
[Black "Pedoson, Georg Aleksander"]
[Result "0-1"]
[WhiteElo "1654"]
[BlackElo "1944"]
[PlyCount "40"]
[EventDate "2016.08.18"]

1. e4 d5 2. exd5 Nf6 3. d4 Nxd5 4. c4 Nb6 5. Nc3 e5 6. dxe5 Qxd1+ 7. Nxd1 Nc6
8. Nf3 Bg4 9. Bf4 Bxf3 10. gxf3 Nd4 11. Bd3 Nxf3+ 12. Ke2 Nd4+ 13. Ke3 Ne6 14.
Bg3 O-O-O 15. Nc3 h5 16. h4 Bc5+ 17. Ke2 Kb8 18. Ne4 Bd4 19. f4 Bxb2 20. Rab1
Na4 0-1

[Event "European Youth Chess Championship B12"]
[Site "Prague, Top Hotel Prague"]
[Date "2016.08.19"]
[Round "2.39"]
[White "Sargsyan, Sargis Vach"]
[Black "Grzesik, Gracjan"]
[Result "1-0"]
[WhiteElo "1912"]
[BlackElo "1734"]
[PlyCount "81"]
[EventDate "2016.08.18"]

1. d4 d5 2. c4 e6 3. Nc3 Nf6 4. Nf3 Be7 5. Bf4 a6 6. e3 O-O 7. c5 b6 8. b4 Bb7
9. Bd3 Nbd7 10. O-O Ne4 11. Qc2 f5 12. c6 Bxc6 13. Nxe4 dxe4 14. Qxc6 exd3 15.
Bxc7 Qe8 16. Qxe6+ Kh8 17. Qb3 Rc8 18. Be5 d2 19. Nxd2 Nxe5 20. dxe5 f4 21.
exf4 Rxf4 22. Rac1 Rd8 23. Rc4 Rf5 24. Nf3 Rf8 25. Rc7 Rc8 26. Rxc8 Qxc8 27. h3
h6 28. a3 a5 29. bxa5 bxa5 30. Rd1 Qf5 31. a4 Bb4 32. Qd3 Qh5 33. Qe4 Re8 34.
Rd7 Be7 35. Kh2 Bd8 36. g4 Qg5 37. Nxg5 Bxg5 38. Qc6 Rg8 39. Kg3 Bc1 40. e6 Ba3
41. e7 1-0

[Event "European Youth Chess Championship B12"]
[Site "Prague, Top Hotel Prague"]
[Date "2016.08.19"]
[Round "2.40"]
[White "Sebesta, Jan"]
[Black "Marn, Jan"]
[Result "1/2-1/2"]
[WhiteElo "1557"]
[BlackElo "1896"]
[PlyCount "54"]
[EventDate "2016.08.18"]

1. e4 e5 2. Nf3 Nc6 3. Bb5 a6 4. Ba4 Nf6 5. O-O Be7 6. Re1 b5 7. Bb3 d6 8. c3
O-O 9. h3 Na5 10. Bc2 c5 11. d4 Qc7 12. d5 Bd7 13. b3 Nb7 14. Kh1 h6 15. Nbd2
Nh7 16. Nf1 Ng5 17. Nxg5 hxg5 18. g4 g6 19. Ng3 a5 20. Be3 a4 21. b4 Rfc8 22.
Rc1 f6 23. f3 cxb4 24. cxb4 Qc4 25. a3 Qc7 26. Bb1 Qd8 27. Qd2 Rxc1 1/2-1/2

[Event "European Youth Chess Championship B12"]
[Site "Prague, Top Hotel Prague"]
[Date "2016.08.19"]
[Round "2.41"]
[White "Vainerchuk, Barys"]
[Black "Koelle, Tobias"]
[Result "0-1"]
[WhiteElo "1592"]
[BlackElo "1866"]
[PlyCount "90"]
[EventDate "2016.08.18"]

1. e4 e5 2. Nf3 Nc6 3. Nc3 g6 4. a3 Bg7 5. d3 Nge7 6. Be2 O-O 7. O-O d6 8. Ne1
f5 9. exf5 Nxf5 10. Nf3 Nfd4 11. Nxd4 Nxd4 12. Be3 Nxe2+ 13. Qxe2 d5 14. Bd2 c6
15. Rad1 Bf5 16. Rfe1 Qd7 17. Qf1 Rf7 18. Ne2 Raf8 19. Bb4 Re8 20. Ng3 Bg4 21.
f3 h5 22. Qe2 Be6 23. c4 h4 24. Nf1 h3 25. g3 g5 26. g4 b6 27. Ng3 c5 28. Bc3
Qb7 29. Bd2 dxc4 30. Ne4 cxd3 31. Qxd3 Rd7 32. Qe2 Bb3 33. Rc1 Rf8 34. Rc3 Bd5
35. Bxg5 Bxe4 36. Qxe4 Qxe4 37. Rxe4 Rd4 38. Re1 Kh7 39. Be3 Rd7 40. Bg5 e4 41.
Rc2 exf3 42. Kf2 Rd5 43. Bc1 Bf6 44. Re6 Bh4+ 45. Ke3 f2 0-1

[Event "European Youth Chess Championship B12"]
[Site "Prague, Top Hotel Prague"]
[Date "2016.08.19"]
[Round "2.42"]
[White "Fridensteins-Bridins, Atis"]
[Black "Mathieu, Phileas"]
[Result "1-0"]
[WhiteElo "1347"]
[BlackElo "1835"]
[PlyCount "153"]
[EventDate "2016.08.18"]

1. e4 e6 2. d4 d5 3. exd5 exd5 4. c4 Nf6 5. Nf3 Be7 6. Nc3 c6 7. Bd3 O-O 8. O-O
dxc4 9. Bxc4 Nbd7 10. Re1 Nb6 11. Bb3 h6 12. Bf4 Bf5 13. Ne5 Bd6 14. Nxf7 Rxf7
15. Bxf7+ Kxf7 16. Qb3+ Kg6 17. Be5 Ng4 18. h3 Nf6 19. Re3 Kh7 20. Rf3 Bg6 21.
Bxf6 gxf6 22. Qe6 Kg7 23. Ne4 Bxe4 24. Qxe4 Qe8 25. Qg4+ Qg6 26. Qe6 Rd8 27.
Re1 Nd5 28. b4 Nc7 29. Qc4 Nd5 30. b5 Nf4 31. Rg3 Ne2+ 32. Qxe2 Bxg3 33. Qe7+
Qf7 34. Qxd8 Bc7 35. Qe7 cxb5 36. Qxf7+ Kxf7 37. Rb1 a6 38. a4 Bb6 39. d5 Bc5
40. axb5 axb5 41. Rxb5 b6 42. Rb1 Ke7 43. Kf1 Kd6 44. Rd1 b5 45. Ke2 b4 46. Rd3
Ke5 47. g3 Bd6 48. g4 Ke4 49. f3+ Ke5 50. Ke3 Bc5+ 51. Ke2 Bd6 52. Kf2 Kf4 53.
Kg2 Kg5 54. Rd1 Kf4 55. Re1 b3 56. Rb1 Ke5 57. Rxb3 Kxd5 58. Rb5+ Ke6 59. Rh5
Bf4 60. Rf5 Bd6 61. f4 Kf7 62. g5 hxg5 63. fxg5 Be7 64. Kf3 Kg6 65. gxf6 Bxf6
66. Kg4 Be7 67. Ra5 Bf8 68. Ra6+ Kh7 69. Kf4 Bh6+ 70. Kf5 Be3 71. Re6 Bc5 72.
Rc6 Bb4 73. Rc7+ Kg8 74. Kg6 Kf8 75. Rb7 Bd6 76. Rf7+ Kg8 77. Rd7 1-0

[Event "European Youth Chess Championship B12"]
[Site "Prague, Top Hotel Prague"]
[Date "2016.08.19"]
[Round "2.43"]
[White "Papuc, David"]
[Black "Frank, Adam"]
[Result "1/2-1/2"]
[WhiteElo "1329"]
[BlackElo "1816"]
[PlyCount "120"]
[EventDate "2016.08.18"]

1. d4 f5 2. Nc3 Nf6 3. Bg5 g6 4. Bxf6 exf6 5. e3 d5 6. Qf3 c6 7. Bd3 Bd6 8.
Nge2 Qe7 9. h4 Be6 10. h5 Qg7 11. O-O-O Nd7 12. Nf4 Bf7 13. hxg6 hxg6 14. g3
O-O-O 15. Nce2 Nb6 16. g4 fxg4 17. Qxg4+ f5 18. Bxf5+ Kb8 19. Be6 Rhg8 20. Rh3
g5 21. Nh5 Bxe6 22. Qxe6 Qf8 23. Nf6 Rh8 24. Rxh8 Qxh8 25. Rg1 Qh2 26. Ng4 Qh8
27. Qh6 Nc4 28. Qxh8 Rxh8 29. b3 Ba3+ 30. Kd1 Nd6 31. Rg2 Ne4 32. f3 Rh1+ 33.
Rg1 Nc3+ 34. Kd2 Rxg1 35. Nxg1 Bb4 36. Kd3 Nxa2 37. Ne2 Ba3 38. Kd2 Nb4 39. c3
Na6 40. b4 Nc7 41. Kc2 a5 42. Kb3 axb4 43. cxb4 Nb5 44. Nc3 Nxc3 45. Kxc3 b6
46. e4 dxe4 47. fxe4 c5 48. bxc5 bxc5 49. d5 Kc7 50. Kc4 Kd7 51. e5 Bb4 52. Ne3
Ba3 53. Nf5 g4 54. e6+ Kd8 55. e7+ Kd7 56. d6 Bb2 57. Kxc5 Be5 58. Kd5 g3 59.
e8=Q+ Kxe8 60. Nxg3 Bxg3 1/2-1/2

[Event "European Youth Chess Championship B12"]
[Site "Prague, Top Hotel Prague"]
[Date "2016.08.19"]
[Round "2.44"]
[White "Hadjinicolaou, Andreas"]
[Black "Koziorowicz, Michal"]
[Result "0-1"]
[WhiteElo "1488"]
[BlackElo "1816"]
[PlyCount "56"]
[EventDate "2016.08.18"]

1. d4 d5 2. Nf3 e6 3. e3 f5 4. Bd3 Nf6 5. O-O Bd6 6. Nbd2 O-O 7. b3 Ne4 8. Bb2
Rf6 9. Ne5 Rh6 10. g3 Nd7 11. c4 c6 12. cxd5 exd5 13. Qe2 Qe8 14. f4 Ndf6 15.
Ndf3 Qh5 16. Qg2 Be7 17. Rac1 Nd7 18. Kh1 Nxe5 19. dxe5 Qg4 20. Kg1 Rh3 21.
Bxe4 fxe4 22. Nd4 Qh5 23. f5 c5 24. Ne6 Bxe6 25. fxe6 Qh6 26. Rf4 Bg5 27. Rg4
Bxe3+ 28. Kh1 Bxc1 0-1